Morphium; Lebensroman des Entdeckers des Morphiums, (Record no. 38545)

MARC details
000 -LEADER
fixed length control field 00682cam a22002291 4500
001 - CONTROL NUMBER
control field med47002261
003 - CONTROL NUMBER IDENTIFIER
control field DLC
005 - DATE AND TIME OF LATEST TRANSACTION
control field 20260227111605.0
008 - FIXED-LENGTH DATA ELEMENTS--GENERAL INFORMATION
fixed length control field 820128s1940 xx 000 0 ger
010 ## - LIBRARY OF CONGRESS CONTROL NUMBER
LC control number med47002261
035 ## - SYSTEM CONTROL NUMBER
System control number (OCoLC)14746894
040 ## - CATALOGING SOURCE
Original cataloging agency DLC
Transcribing agency DNLM
Modifying agency DLC
042 ## - AUTHENTICATION CODE
Authentication code premarc
050 00 - LIBRARY OF CONGRESS CALL NUMBER
Classification number RS73.S4
Item number S3
060 00 - NATIONAL LIBRARY OF MEDICINE CALL NUMBER
Classification number WZ 100
Item number S489S 1940
060 00 - NATIONAL LIBRARY OF MEDICINE CALL NUMBER
Classification number Film 7131 no. 2
100 1# - MAIN ENTRY--PERSONAL NAME
Personal name Schumann, Otto,
Dates associated with a name 1895-
245 10 - TITLE STATEMENT
Title Morphium; Lebensroman des Entdeckers des Morphiums,
Remainder of title Friedrich Wilhelm Sertürner.
260 ## - PUBLICATION, DISTRIBUTION, ETC.
Place of publication, distribution, etc. Berlin [etc.]
Name of publisher, distributor, etc. Deutscher Apotheker-Verlag
Date of publication, distribution, etc. [c1940]
300 ## - PHYSICAL DESCRIPTION
Extent 388 p.
Other physical details ill., ports.
500 ## - GENERAL NOTE
General note Microfilmed for preservation
Institution to which field applies DNLM

No items available.

Powered by Koha